Every Song by Soundgarden - Statistics

General Stats
  • This quiz has been taken 61 times
    59 since last reset
  • The average score is 40 of 113
Answer Stats
Album Song % Correct
Superunknown(1994) Black Hole Sun
86%
Badmotorfinger(1991) Outshined
78%
Superunknown(1994) Spoonman
78%
Badmotorfinger(1991) Rusty Cage
75%
Badmotorfinger(1991) Jesus Christ Pose
72%
Superunknown(1994) Fell on Black Days
69%
Superunknown(1994) Superunknown
69%
Down on the Upside(1996) Burden in My Hand
67%
Fopp(1988) Fopp
67%
Down on the Upside(1996) Pretty Noose
67%
Superunknown(1994) 4th of July
64%
Badmotorfinger(1991) Slaves & Bulldozers
64%
Superunknown(1994) Let Me Drown
61%
Superunknown(1994) The Day I Tried to Live
61%
Down on the Upside(1996) Blow Up the Outside World
58%
Louder Than Love(1989) Loud Love
58%
Superunknown(1994) My Wave
58%
Superunknown(1994) Like Suicide
56%
Superunknown(1994) Mailman
56%
Ultramega OK(1988) Flower
53%
Superunknown(1994) Fresh Tendrils
53%
Louder Than Love(1989) Full On (Reprise)
53%
Superunknown(1994) Half
53%
Superunknown(1994) Limo Wreck
53%
Telephantasm(2010) Black Rain
50%
Louder Than Love(1989) Hands All Over
50%
Superunknown(1994) Head Down
50%
Down on the Upside(1996) Rhinosaur
50%
Badmotorfinger(1991) Searching with My Good Eye Closed
50%
Ultramega OK(1988) 667
47%
Louder Than Love(1989) Big Dumb Sex
47%
Badmotorfinger(1991) Drawing Flies
47%
Badmotorfinger(1991) Face Pollution
47%
Louder Than Love(1989) Full on Kevin's Mom
47%
Badmotorfinger(1991) Holy Water
47%
Superunknown(1994) Kickstand
47%
Badmotorfinger(1991) Mind Riot
47%
Badmotorfinger(1991) Room a Thousand Years Wide
47%
Down on the Upside(1996) Ty Cobb
47%
Ultramega OK(1988) 665
44%
Badmotorfinger(1991) New Damage
44%
Badmotorfinger(1991) Somewhere
44%
Ultramega OK(1988) Beyond the Wheel
42%
Down on the Upside(1996) Boot Camp
42%
Louder Than Love(1989) Gun
42%
Screaming Life(1987) Hunted Down
42%
Down on the Upside(1996) Applebite
39%
Ultramega OK(1988) Head Injury
39%
Ultramega OK(1988) Nazi Driver
39%
Down on the Upside(1996) Never the Machine Forever
39%
Down on the Upside(1996) Tighter & Tighter
39%
Louder Than Love(1989) Ugly Truth
39%
Louder Than Love(1989) Get on the Snake
36%
Ultramega OK(1988) Incessant Mace
36%
Superunknown(Bonus)(1994) She Likes Surprises
36%
Down on the Upside(1996) Zero Chance
36%
Ultramega OK(1988) All Your Lies
33%
Down on the Upside(1996) Dusty
33%
Louder Than Love(1989) I Awake
33%
Louder Than Love(1989) Power Trip
33%
King Animal(2012) Been Away Too Long
31%
Ultramega OK(1988) Circle of Power
31%
Badmotorfinger(Bonus)(1991) Cold Bitch
31%
Down on the Upside(1996) Overfloater
31%
Down on the Upside(Bonus)(1996) Birth Ritual
28%
Non-Album(1995) Blind Dogs
28%
King Animal(2012) Bones of Birds
28%
King Animal(2012) By Crooked Steps
28%
Down on the Upside(Bonus)(1996) Jerry Garcia's Finger
28%
Ultramega OK(1988) Mood for Trouble
28%
Screaming Life(1987) Nothing to Say
28%
Satanoscillatemymetallicsonatas(1992) She's a Politician
28%
King Animal(2012) Taree
28%
Down on the Upside(1996) An Unkind
25%
Ultramega OK(1988) He Didn't
25%
Louder Than Love(Bonus)(1989) Heretic
25%
Non-Album(2012) Live to Rise
25%
Down on the Upside(1996) Never Named
25%
Louder Than Love(1989) No Wrong No Right
25%
Louder Than Love(1989) Uncovered
25%
Down on the Upside(1996) No Attention
22%
Down on the Upside(1996) Switch Opens
22%
Non-Album(2010) The Telephantasm
22%
King Animal(2012) A Thousand Days Before
19%
Down on the Upside(Bonus)(1996) Bleed Together
19%
Ultramega OK(1988) One Minute of Silence
19%
King Animal(2012) Rowing
19%
King Animal(2012) Black Saturday
17%
King Animal(2012) Eyelid's Mouth
17%
King Animal(2012) Halfway There
17%
Screaming Life(1987) Little Joe
17%
King Animal(2012) Non-State Actor
17%
Screaming Life(1987) Tears to Forget
17%
King Animal(2012) Attrition
14%
King Animal(2012) Blood on the Valley Floor
14%
Screaming Life(1987) Entering
14%
Superunknown(Bonus)(1994) Exit Stonehenge
14%
Superunknown(Bonus)(1994) Kyle Petty, Son of Richard
14%
King Animal(2012) Worse Dreams
14%
Down on the Upside(Bonus)(1996) Karaoke
11%
Echo of Miles: Scattered Tracks Across the Path(2014) Night Surf
11%
Non-Album(1988) Sub Pop Rock City
11%
Louder Than Love(Bonus)(1989) Fresh Deadly Roses
8%
Echo of Miles: Scattered Tracks Across the Path(2014) Ghostmotorfinger
8%
Screaming Life(1987) Hand of God
8%
Badmotorfinger(Bonus)(1991) HIV Baby
8%
Fopp(1988) Kingdom of Come
8%
Echo of Miles: Scattered Tracks Across the Path(2014) Kristi
8%
Ultramega OK(Bonus)(1988) Toy Box
8%
Echo of Miles: Scattered Tracks Across the Path(2014) A Splice of Space Jam
6%
Echo of Miles: Scattered Tracks Across the Path(2014) Storm
6%
Echo of Miles: Scattered Tracks Across the Path(2014) Twin Tower
6%
Badmotorfinger(Bonus)(1991) Show Me
3%
No matching quizzes found
Score Distribution
Percent of People with Each Score
Percentile by Number Answered
Your Score History
You have not taken this quiz since the last reset